LIBRARY & INFORMATION CENTRE, KCAET, TAVANUR

ONLINE PUBLIC ACCESS CATALOGUE (OPAC)

Text book of hydraulics / (Record no. 7394)

MARC details
000 -LEADER
fixed length control field 00580cam a2200241ua 4500
020 ## - INTERNATIONAL STANDARD BOOK NUMBER
ISBN 81-219-0135-9
041 ## - LANGUAGE CODE
Language code of text/sound track or separate title eng
082 ## - DEWEY DECIMAL CLASSIFICATION NUMBER
Classification number 532
Item number KHU/TE
100 ## - MAIN ENTRY--AUTHOR NAME
Personal name Khurmi, R S.
245 ## - TITLE STATEMENT
Title Text book of hydraulics /
250 ## - EDITION STATEMENT
Edition statement 16 /
260 ## - PUBLICATION, DISTRIBUTION, ETC. (IMPRINT)
Place of publication New Delhi :
Name of publisher S.Chand and Co ,
Year of publication 1995.
300 ## - PHYSICAL DESCRIPTION
Number of Pages 630 ; .
500 ## - GENERAL NOTE
General note 19016-18 Scheme
942 ## - ADDED ENTRY ELEMENTS (KOHA)
Koha item type Books
Holdings
Withdrawn status Lost status Damaged status Home library Current library Date acquired Full call number Accession Number Koha item type Shelving location
    Damaged KAUAET KAUAET 07/04/2012 532 KHU/TE 19302 Books  
    Damaged KAUAET KAUAET 07/04/2012 532 KHU/TE 19301 Books  
      KAUAET KAUAET 07/04/2012 532 KHU/TE 19016 Book Bank scheme for SC students Scheme
      KAUAET KAUAET 07/04/2012 532 KHU/TE 19018 Book Bank scheme for SC students  
      KAUAET KAUAET 07/04/2012 532 KHU/TE 19017 Book Bank scheme for SC students Scheme
free website counter